Govt. of
Madhya Pradesh

हैशटैग मुहब्‍बत ने फौजी बनाया महबूब ने कांतिल (Record no. 68633)

MARC details
000 -LEADER
fixed length control field 00440nam a22001097a 4500
082 ## - DEWEY DECIMAL CLASSIFICATION NUMBER
Classification number 891.433/RAJ/N
100 ## - MAIN ENTRY--AUTHOR NAME
Personal name राजऋषि,कर्नल गौतम
245 ## - TITLE STATEMENT
Title हैशटैग मुहब्‍बत ने फौजी बनाया महबूब ने कांतिल
260 ## - PUBLICATION, DISTRIBUTION, ETC. (IMPRINT)
Place of publication दिल्‍ली
Name of publisher युवान बुक्‍स
Year of publication 2024
650 ## - SUBJECT ADDED ENTRY--TOPICAL TERM
Topical Term उपन्‍यास
942 ## - ADDED ENTRY ELEMENTS (KOHA)
Koha item type Hindi Books
Holdings
Withdrawn status Lost status Damaged status Not for loan Home library Current library Date acquired Cost, normal purchase price Full call number Accession Number Price effective from Koha item type
        MACL MACL 21/02/2026 249.00 891.433/RAJ/N DPI004147 21/02/2026 Hindi Books